| 000 | 01326nam a2200241Ia 4500 | ||
|---|---|---|---|
| 003 | OSt | ||
| 005 | 20211029172220.0 | ||
| 008 | 210310s2012 enkad fr 000 0 eng d | ||
| 020 | _a9781781005545 | ||
| 040 |
_aCO-JMCR _cCO-JMCR |
||
| 041 | 0 | _aeng | |
| 082 |
_a339 / _bH468m _223 |
||
| 100 | 1 |
_aHein, Eckhard, _918018 _eautor |
|
| 245 | 1 | 4 |
_aThe macroeconomics of Finance-dominated capitalism and its crisis / _cEckhard Hein |
| 260 |
_aCheltenham : _bEdward Elgar, _c2012 |
||
| 300 |
_axi, 216 páginas : _bilustraciones y gráficas a blanco y negro ; _c23 cm. |
||
| 504 | _aBibliografía: páginas 186-205 | ||
| 505 | 0 | _aFinance-dominated capitalism and re-distribution of income -- Finance-dominated capitalism, capital accumulation and macroeconomic regimes -- Finance-dominated capitalism and long-run productivity growth -- Finance-dominated capitalism, consumption, household and instability debt -- Finance-dominated capitalism, global imbalances and crisis -- Requirements for income-led recovery and a Global Keynesian New Deal -- The European financial and economic crisis: alternative -- solutions from a Post-Keynesian perspective -- Summary and conclusions | |
| 650 | 1 | 4 |
_aMacroeconómica _918020 |
| 650 | 2 | 4 |
_aCapitalismo _941363 |
| 650 | 2 | 4 |
_aCrisis global financiera _y2008-2009 _941364 |
| 942 |
_2ddc _cBK |
||
| 999 |
_c8696 _d8696 |
||